| 000 | 00884cam a2200241 a 4500 | ||
|---|---|---|---|
| 001 | 000014320 | ||
| 005 | 20200929163555.0 | ||
| 008 | 950524s1995 mx a b 000 0 spa | ||
| 020 | _a9688424919 | ||
| 035 | _a(DLC) 95156845 | ||
| 040 |
_aDO-SdBNP _cDLC |
||
| 082 |
_a338.634 _bP849t |
||
| 100 | 1 |
_aPortes, Alejandro, _d1944- _932297 |
|
| 245 | 1 | 0 |
_aEn torno a la informalidad : _bensayos sobre teoría y medición de la economía no regulada / _cAlejandro Portes. |
| 260 |
_aMéxico : _bFLACSO Sede México : _bMiguel Angel Porrua Grupo Editorial, _c1995. |
||
| 300 |
_a251 p. : _bil. ; _c21 cm. |
||
| 490 | 1 | _aLas Ciencias sociales | |
| 504 | _aBibliografías: p. 225-247. | ||
| 650 | 4 |
_aEconomía informal _xAmérica latina _932298 |
|
| 650 | 4 |
_aAmérica latina _xCondiciones económicas _932299 |
|
| 830 | 0 |
_aLas Ciencias sociales. _932300 |
|
| 910 | _aCatalogación por copia/LC | ||
| 999 |
_c13915 _d13915 |
||